Wird geladen...
Immortal games of Capablanca
| 1. Verfasser: | |
|---|---|
| Format: | Printed Book |
| Veröffentlicht: |
Newyork
Dover
1942
|
| LEADER | 00361nam a22001097a 4500 | ||
|---|---|---|---|
| 082 | |a 794.1 |b REI.I | ||
| 100 | |a Fred Reinfeld | ||
| 245 | |a Immortal games of Capablanca | ||
| 260 | |a Newyork |b Dover |c 1942 | ||
| 942 | |c BK | ||
| 999 | |c 9441 |d 9441 | ||
| 952 | |0 0 |1 0 |4 0 |6 794_100000000000000_REI_I |7 0 |8 NFIC |9 11411 |a CAMPUS |b CAMPUS |d 2017-01-24 |l 0 |o 794.1 REI.I |p Co.0720 |r 2017-01-24 |w 2017-01-24 |y BK | ||